| 000 | 00383nam a22001577a 4500 | ||
|---|---|---|---|
| 003 | OSt | ||
| 008 | 220615b ||||| |||| 00| 0 eng d | ||
| 020 | _a9781259006494 | ||
| 082 | _a005.757 BAO | ||
| 100 | _aBALAGURUSAMY, E | ||
| 245 | _aObjective Oriented Programming using C + + and Java | ||
| 250 | _a9th | ||
| 260 |
_aNew Delhi _bTMH _c2020 |
||
| 300 | _a478 | ||
| 942 |
_2ddc _cBK |
||
| 999 |
_c11393 _d11393 |
||